Statystyki dla państwa na literę G

Kliknij tutaj aby rozwiązać quiz!

Ogólne statystyki

  • Ten quiz został rozwiązany 63 razy
    (41 od ostatniego zresetowania)
  • Średni wynik to 8 z 11

Statystyki odpowiedzi

PodpowiedźOdpowiedź% Poprawnych
GGwinea
91%
GGrecja
85%
GGruzja
82%
GGwinea Równikowa
82%
GGwinea Bissau
74%
GGhana
68%
GGujana
68%
GGambia
65%
GGwatemala
65%
GGabon
62%
GGrenada
62%

Rozkład punktacji

Percentyl według liczby udzielonych odpowiedzi

Procent ludzi z każdym wynikiem

Twoja historia wyników

Nie rozwiązałeś tego quizu od ostatniego zresetowania